Kutsal topraklardan on beş gün / (Kayıt no. 7722)

MARC ayrıntıları
000 -LEADER
fixed length control field 00593nam a22002057a 4500
003 - CONTROL NUMBER IDENTIFIER
control field KOHA_MİRAKIL
005 - DATE AND TIME OF LATEST TRANSACTION
control field 20241003053922.0
008 - FIXED-LENGTH DATA ELEMENTS--GENERAL INFORMATION
fixed length control field 241002b2021 tu ||||| |||| 00| 0 tur d
020 ## - INTERNATIONAL STANDARD BOOK NUMBER
International Standard Book Number 9789756336489
040 ## - CATALOGING SOURCE
Original cataloging agency TR-AnABB
Language of cataloging tur
Transcribing agency TR-AnABB
041 ## - LANGUAGE CODE
Language code of text/sound track or separate title tur
082 ## - DEWEY DECIMAL CLASSIFICATION NUMBER
Classification number 297.8241
Item number GUL 2021
100 1# - MAIN ENTRY--PERSONAL NAME
Personal name Güleç, İsmail
9 (RLIN) 1154
245 10 - TITLE STATEMENT
Title Kutsal topraklardan on beş gün /
Statement of responsibility, etc. İsmail Güleç.
260 ## - PUBLICATION, DISTRIBUTION, ETC.
Place of publication, distribution, etc. İstanbul :
Name of publisher, distributor, etc. Kitabevi Yayınları,
Date of publication, distribution, etc. 2021.
300 ## - PHYSICAL DESCRIPTION
Extent 78 sayfa ;
Dimensions 22 cm.
650 ## - SUBJECT ADDED ENTRY--TOPICAL TERM
Topical term or geographic name entry element Din, İslam, İbadetler
9 (RLIN) 1155
650 ## - SUBJECT ADDED ENTRY--TOPICAL TERM
Topical term or geographic name entry element İbadet, Hac
9 (RLIN) 1156
942 ## - ADDED ENTRY ELEMENTS (KOHA)
Source of classification or shelving scheme Dewey Decimal Classification
Koha item type Kitap
900 ## - EQUIVALENCE OR CROSS-REFERENCE-PERSONAL NAME [LOCAL, CANADA]
Numeration Can Çelik
Mevcut
Withdrawn status Lost status Source of classification or shelving scheme Damaged status Not for loan Home library Current library Date acquired Source of acquisition Total checkouts Full call number Barcode Date last seen Price effective from Koha item type
    Dewey Decimal Classification     Büyükşehir Genç Akademi Batıkent Büyükşehir Genç Akademi Batıkent 24/04/2025     297.8241 GUL 2021 ABB124262 24/04/2025 24/04/2025 Kitap
    Dewey Decimal Classification     Meteoroloji Çalışma İstasyonu Meteoroloji Çalışma İstasyonu 02/10/2024 SATIN   297.8241 GUL 2021 ABB119094 03/10/2024 03/10/2024 Kitap